| 000 | 00463nam a2200169Ia 4500 | ||
|---|---|---|---|
| 008 | 151213s9999 xx 000 0 und d | ||
| 020 | _a1-85573-483-4 | ||
| 100 | _aP.R.Lord, M.H.Mohamed | ||
| 245 |
_aWeaving : Conversion Of Yearn to Fabric _cP.R.Lord, M.H.Mohamed |
||
| 250 | _a2nd | ||
| 260 |
_aEngland _bWoodhead Publication Ltd. _c2001 |
||
| 300 | _a7398 p. | ||
| 650 | _aTextiles | ||
| 650 | _aTextiles | ||
| 700 | _aP.R.Lord, M.H.Mohamed | ||
| 999 |
_c3936 _d3936 |
||